00238nam a22000977a 4500082001200000100002100012245003500033260004900068300000900117650001400126 a541.042 aBoley, Forrest.I aPlasmas- Laboratory and Cosmic aNewyorkbVan Nostrand Reinhold Companyc1970 a154p achemistry